Statistiques concernant Calcul mental #Table de 14

Cliquez ici pour prendre le quiz!

Statistiques générales

  • Ce quiz a été pris 41 fois
  • Le résultat moyen est 13 sur 14

Statistiques - réponses

HintRéponse% Correct
1 x 1414
100%
2 x 1428
100%
3 x 1442
100%
4 x 1456
100%
5 x 1470
95%
10 x 14140
89%
11 x 14154
89%
6 x 1484
89%
9 x 14126
87%
7 x 1498
87%
8 x 14112
84%
12 X 14168
84%
13 x 14182
82%
14 x 14196
76%

Distribution des résultats

Percentile par nombre de réponses

% des personnes avec chaque résultat

Votre développement - résultats

Vous n’avez pas pris ce quiz